• 首页
  • 本馆介绍
  • 公告通知
  • 最新文献
  • 馆藏检索
  • 电子资源
  • 读者导购
  • 参考咨询
  • 我的图书馆
  • 登录
  • 详细信息显示
  • 放入我的书架
  • 预约/预借图书
  • 作者相关作品
  • 分类相关作品
  • 丛书相关作品
  • 出版社相关作品

书目信息

  • 表格格式
  • 工作单格式
  • 卡片格式
题名:
这个孩子应该活着
    
 
作者: 霍尔茨曼 , Holzman 著 ;缪雨露 译
分册:  
出版信息: 北京   中国工人出版社  2002
页数: 347页
开本: 21cm
丛书名:
单 册:
中图分类: I516.55
科图分类:
主题词: 报告文学--德国--现代 , CT--S002373--报告文学
电子资源:
ISBN: 7-5008-2914-0
000 01306nam0 2200337 45
001 002197111
005 20030120092401.0
009 002197111
010    @a7-5008-2914-0@dCNY22.00
035    @a002197111
100    @a20021127d2002 em y0chiy0110 ea
101 1  @achi@cger
102    @aCN@b110000
105    @aa z 000zd
200 1  @a这个孩子应该活着@Azhe ge hai zi ying gai huo zhe@f(德)海伦娜·霍尔茨曼(Helene Holzman)著@g缪雨露译
210    @a北京@c中国工人出版社@d2002
215    @a347页@c照片@d21cm
305    @a德国舒夫林出版公司经荷尔库勒斯公司授权出版
314    @a海伦娜·霍尔茨曼(女,Helene Holzman,1891~1968),德国画家、书商兼艺术、德语教师。著有《这个孩子应该活着》。
314    @a缪雨露,北京外国语大学德语系“翻译理论与实践”专业硕士,曾赴德国任客座讲师,现攻读语言学博士学位。译有《这个孩子应该活着》。
330    @a本书是一部自传体的纪实文学,作者叙述了自己在德国法西斯占领立陶宛时期的生活,揭露了纳粹分子迫害犹太人的罪行。
510 1  @aDies Kind Soll Leben@zger
606 0  @a报告文学@y德国@z现代
606 0  @2CT@3S002373@a报告文学
690    @aI516.55@v4
701  1 @a霍尔茨曼@Ahuo er ci man@bH.@4著
701  1 @aHolzman@bHelene@4著
702  0 @a缪雨露@Amiao yu lu@4译
801  0 @aCN@bNLC@c20030121
905    @aBZT@dI516.55@e3
906    @dCNY22.00@n0@r1
    
    这个孩子应该活着/(德)海伦娜·霍尔茨曼(Helene Holzman)著/缪雨露译.-北京:中国工人出版社,2002
    347页:照片;21cm
    
    
    ISBN 7-5008-2914-0:CNY22.00
    本书是一部自传体的纪实文学,作者叙述了自己在德国法西斯占领立陶宛时期的生活,揭露了纳粹分子迫害犹太人的罪行。
●
相关链接 在五车中查询图书 在当当中查询图书 在豆瓣中查询图书


正题名:这个孩子应该活着     索取号:I516.55/3         预约/预借

序号 登录号 条形码 馆藏地/架位号 状态 备注
1 400366   210290656   中心书库中库/打包BH0182/ [索取号:I516.55/3] 在馆    
2 400367   210290594   中心书库中库/打包BH0182/ [索取号:I516.55/3] 在馆    
3 400368   210290601   中心书库中库/打包BH0182/ [索取号:I516.55/3] 在馆    
4 400369   210290576   中心书库中库/打包BH0182/ [索取号:I516.55/3] 在馆    
5 400370   210290585   中心书库中库/打包BH0182/ [索取号:I516.55/3] 在馆    
6 400371   210290665   中心书库中库/打包BH0182/ [索取号:I516.55/3] 在馆    
7 400372   210290638   中心书库中库/打包BH0182/ [索取号:I516.55/3] 在馆    
8 400373   210290647   中心书库中库/打包BH0182/ [索取号:I516.55/3] 在馆    
9 400374   210290610   中心书库中库/打包BH0182/ [索取号:I516.55/3] 在馆    
山东省滨州职业学院图书馆 欢迎您!
大连网信软件有限公司© 版权所有